000
00364nam a2200157Ia 4500
008
151213s9999 xx 000 0 und d
100
_a
Bernerd Shaww
245
_a
The Apple Cart
_c
Bernerd Shaww
250
_a
1st
260
_a
U K.
_b
Penguing Book
_c
1930
300
_a
4527 p.
650
_a
English
650
_a
Play
700
_a
Bernerd Shaww
999
_c
2902
_d
2902